Normal view
MARC view
Entry Topical Term
001 - CONTROL NUMBER
- control field: 29863
003 - CONTROL NUMBER IDENTIFIER
- control field: ARRUPE
005 - DATE AND TIME OF LATEST TRANSACTION
- control field: 20170412100330.0
008 - FIXED-LENGTH DATA ELEMENTS
- fixed length control field: 170412|| aca||aabn | a|a d
040 ## - CATALOGING SOURCE
- Original cataloging agency: ARRUPE
- Transcribing agency: ARRUPE
150 ## - HEADING--TOPICAL TERM
- Topical term or geographic name as entry element: Africa
- General subdivision: Race questions
670 ## - SOURCE DATA FOUND
- Source citation: Work cat.: (ARRUPE)0: Smuts, Jan Christiaan, 1870-1950. 22224, Africa and some world problems,, 1930.